书目信息 |
| 题名: |
移动源排放清单测算方法
|
|
| 作者: | 丁焰 , 尹航 , 宋国华 主编 ;黄志辉 著 | |
| 分册: | ||
| 出版信息: | 北京 中国环境出版集团 2021.11 |
|
| 页数: | 333页 | |
| 开本: | 26cm | |
| 丛书名: | ||
| 单 册: | ||
| 中图分类: | X501 | |
| 科图分类: | ||
| 主题词: | 移动污染源--yi dong wu ran yuan--排污--测算 | |
| 电子资源: | ||
| ISBN: | 978-7-5111-3916-0 | |
| 000 | 01048nam0 2200265 450 | |
| 001 | 011025154702 | |
| 005 | 20221025154702.0 | |
| 010 | @a978-7-5111-3916-0@dCNY98.00 | |
| 100 | @a20201004d2021 em y0chiy0120 ea | |
| 101 | 0 | @achi |
| 102 | @aCN@b110000 | |
| 105 | @aa z 000yy | |
| 106 | @ar | |
| 200 | 1 | @a移动源排放清单测算方法@Ayi dong yuan pai fang qing dan ce suan fang fa@f黄志辉等著 |
| 210 | @a北京@c中国环境出版集团@d2021.11 | |
| 215 | @a333页@c图, 照片@d26cm | |
| 304 | @a著者还有:付明亮、马东、王燕军、王宏丽 | |
| 330 | @a本书共6部分,主要包括机动车大气污染物排放量测算方法、非道路机械大气污染物排放量测算方法、船舶大气污染物排放量测算方法、铁路内燃机车和民航飞机大气污染物排放量测算方法、油品储运销过程挥发性有机物测算方法,以及总结和展望。 | |
| 606 | 0 | @a移动污染源@Ayi dong wu ran yuan@x排污@x测算 |
| 690 | @aX501@v5 | |
| 701 | 0 | @a丁焰@Ading yan@f(1974~)@4主编 |
| 701 | 0 | @a尹航@Ayin hang@4主编 |
| 701 | 0 | @a宋国华@Asong guo hua@4主编 |
| 702 | 0 | @a黄志辉@Ahuang zhi hui@4著 |
| 905 | @a河南城建学院图书馆@dX501@eH9221 | |
| 移动源排放清单测算方法/黄志辉等著.-北京:中国环境出版集团,2021.11 |
| 333页:图, 照片;26cm |
| ISBN 978-7-5111-3916-0:CNY98.00 |
| 本书共6部分,主要包括机动车大气污染物排放量测算方法、非道路机械大气污染物排放量测算方法、船舶大气污染物排放量测算方法、铁路内燃机车和民航飞机大气污染物排放量测算方法、油品储运销过程挥发性有机物测算方法,以及总结和展望。 |
| ● |
| 相关链接 |
|
|
|
正题名:移动源排放清单测算方法
索取号:X501/H9221
 
预约/预借
| 序号 | 登录号 | 条形码 | 馆藏地/架位号 | 状态 | 备注 |
| 1 | 1591355 | 215913554 | 自科库501/501自科库 98排2列2层/ [索取号:X501/H9221] | 在馆 |